Vocabulary Quiz - The Biggest One Of All - Statistics

General Stats
  • This quiz has been taken 619 times
  • The average score is 186 of 500
Answer Stats
Word % Correct
a
99%
I
98%
an
96%
he
95%
the
95%
be
94%
do
93%
go
92%
to
92%
we
91%
in
89%
no
89%
on
89%
you
89%
me
87%
so
87%
her
85%
and
84%
as
83%
she
81%
it
80%
what
79%
for
78%
when
78%
are
77%
at
77%
they
77%
two
77%
where
77%
is
76%
of
76%
one
76%
all
75%
can
74%
man
74%
who
74%
car
73%
see
73%
their
73%
up
73%
us
73%
your
73%
am
72%
day
71%
them
71%
there
71%
three
71%
too
71%
why
71%
four
69%
how
69%
ten
69%
then
69%
five
68%
six
68%
time
68%
could
67%
will
66%
him
65%
that
65%
yes
65%
after
64%
eat
64%
have
64%
house
64%
love
64%
my
64%
or
64%
say
64%
this
64%
under
64%
walk
64%
would
64%
by
63%
was
63%
boy
62%
but
62%
dog
62%
good
62%
like
62%
some
62%
hear
61%
his
61%
our
61%
run
61%
ever
60%
out
60%
come
59%
down
59%
girl
59%
over
59%
sun
59%
think
59%
big
58%
home
58%
should
58%
star
58%
year
57%
about
56%
food
56%
if
56%
more
56%
were
56%
black
55%
night
55%
off
55%
right
55%
take
55%
than
55%
from
54%
give
54%
read
54%
sit
54%
water
54%
any
53%
did
53%
father
53%
may
53%
mother
53%
blue
52%
get
52%
hand
52%
old
52%
red
52%
white
52%
work
52%
ask
51%
green
51%
let
51%
make
51%
most
51%
new
51%
now
51%
small
51%
with
51%
sea
50%
use
50%
eye
49%
head
49%
hot
49%
hundred
49%
look
49%
write
49%
back
48%
book
48%
though
48%
went
48%
add
47%
had
47%
has
47%
here
47%
know
47%
cold
46%
even
46%
first
46%
just
46%
live
46%
moon
46%
play
46%
saw
46%
those
46%
which
46%
above
45%
best
45%
every
45%
far
45%
left
45%
money
45%
school
45%
second
45%
talk
45%
these
45%
young
45%
list
44%
low
44%
people
44%
stand
44%
tell
44%
thing
44%
war
44%
word
44%
done
43%
might
43%
never
43%
plan
43%
want
43%
week
43%
before
42%
foot
42%
high
42%
light
42%
start
42%
thousand
42%
call
41%
came
41%
great
41%
said
41%
teach
41%
act
40%
find
40%
got
40%
hour
40%
life
40%
put
40%
try
40%
well
40%
world
40%
answer
39%
feel
39%
little
39%
person
39%
sleep
39%
able
38%
bed
38%
been
38%
country
38%
door
38%
learn
38%
top
38%
also
37%
less
37%
short
37%
stop
37%
again
36%
age
36%
free
36%
last
36%
leave
36%
long
36%
many
36%
minute
36%
tree
36%
way
36%
care
35%
city
35%
does
35%
earth
35%
late
35%
made
35%
must
35%
same
35%
very
35%
watch
35%
wind
35%
animal
34%
close
34%
end
34%
face
34%
fast
34%
friend
34%
front
34%
men
34%
much
34%
place
34%
road
34%
through
34%
better
33%
bring
33%
drive
33%
east
33%
help
33%
mean
33%
sing
33%
town
33%
air
32%
always
32%
family
32%
land
32%
near
32%
north
32%
open
32%
other
32%
stay
32%
street
32%
took
32%
west
32%
yet
32%
ball
31%
body
31%
letter
31%
name
31%
only
31%
slow
31%
south
31%
thought
31%
told
31%
begin
30%
fly
30%
hard
30%
kind
30%
knew
30%
need
30%
rain
30%
ran
30%
side
30%
table
30%
children
29%
fall
29%
gave
29%
number
29%
warm
29%
cry
28%
each
28%
fire
28%
listen
28%
next
28%
part
28%
real
28%
state
28%
dark
27%
move
27%
once
27%
pull
27%
show
27%
wait
27%
few
26%
keep
26%
line
26%
paper
26%
pass
26%
plane
26%
question
26%
rest
26%
song
26%
soon
26%
while
26%
fill
25%
grow
25%
lot
25%
mind
25%
music
25%
room
25%
seem
25%
still
25%
ago
24%
both
24%
fine
24%
fish
24%
hold
24%
large
24%
morning
24%
nothing
24%
often
24%
plant
24%
round
24%
behind
23%
build
23%
cause
23%
lay
23%
set
23%
snow
23%
full
22%
game
22%
horse
22%
sound
22%
turn
22%
against
21%
brought
21%
change
21%
feet
21%
found
21%
heard
21%
miss
21%
note
21%
quick
21%
true
21%
color
20%
differ
20%
king
20%
laugh
20%
lead
20%
own
20%
until
20%
between
19%
draw
19%
early
19%
language
19%
such
19%
bird
18%
class
18%
common
18%
cut
18%
fact
18%
form
18%
ground
18%
heat
18%
river
18%
study
18%
main
17%
since
17%
step
17%
together
17%
wood
17%
among
16%
check
16%
clear
16%
grand
16%
group
16%
idea
16%
page
16%
point
16%
sure
16%
test
16%
travel
16%
unit
16%
whole
16%
final
15%
dry
14%
follow
14%
half
14%
mark
14%
power
14%
reach
14%
stood
14%
strong
14%
voice
14%
base
13%
boat
13%
box
13%
carry
13%
cover
13%
deep
13%
farm
13%
gold
13%
inch
13%
island
13%
map
13%
mile
13%
order
13%
remember
13%
rock
13%
rule
13%
size
13%
usual
13%
appear
12%
course
12%
enough
12%
figure
12%
problem
12%
shape
12%
simple
12%
area
11%
center
11%
field
11%
force
11%
oh
11%
plain
11%
possible
11%
press
11%
ready
11%
sentence
11%
ship
11%
toward
11%
began
10%
picture
10%
pound
10%
wonder
10%
decide
9%
happen
9%
mountain
9%
piece
9%
port
9%
science
9%
self
9%
serve
9%
story
9%
complete
8%
contain
8%
during
8%
noun
8%
weight
8%
correct
7%
direct
7%
ease
7%
interest
7%
perhaps
7%
record
7%
wheel
7%
beauty
6%
busy
6%
cross
6%
notice
6%
pose
6%
product
6%
certain
5%
govern
5%
produce
5%
several
5%
special
5%
example
4%
measure
4%
object
4%
spell
4%
develop
3%
machine
3%
tail
3%
numeral
1%
pattern
1%
surface
1%
vowel
1%
No matching quizzes found
Score Distribution
Percent of People with Each Score
Percentile by Number Answered
Your Score History
You have not taken this quiz